Word Ladder: Puppets and Cartoons II Quiz Stats

Quiz Updated May 19, 2015

Challenge
Share
Tweet
Embed
Score 0/30 Timer 03:00
5 Plays Today
Hint 4-Letter Word % Correct
____ Lightyear*BUZZ*
99.4%
Hairlike growth on a peachFUZZ
96.2%
____ Bunny*BUGS*
95.9%
It blows when a circuit overloadsFUSE
88.7%
Coke's brand of iced teaFUZE
85.5%
Eat dinner in a restaurantDINE
83%
Fairytale prince before a kiss FROG
82.2%
Records of ships voyagesLOGS
80.7%
Drags along (heavily)LUGS
79.2%
Show excessive concernFUSS
77%
____ Le Pew*PEPE*
76.3%
Beat (someone) with a whipFLOG
75.3%
Item of sturdy footwear BOOT
74.5%
Touch with the lipsBUSS
74.5%
Having been accomplishedDONE
74.4%
Hint 4-Letter Word % Correct
Narcotic substanceDRUG
67.2%
Mark or stain (with ink)BLOT
66.2%
A tunnel used for excavationMINE
63.8%
____ Wazowski*MIKE*
60.5%
____ Griffin*LOIS*
58.9%
Vigorous 1960s pop music danceFRUG
56.6%
Predatory freshwater fishPIKE
55.7%
Timely blessing or benefitBOON
55.4%
Vietnamese currencyDONG
53.1%
____ Funnie*DOUG*
51.4%
Slang term for dog breedPEKE
50%
Hips, groin, and lower abdomenLOIN
49.9%
Silly or foolish personLOON
49%
Harry Potter transportation powderFLOO
37.1%
Imaginary Foster's Home character*BLOO*
32.1%

Today's Daily Dose

You're not logged in!

Compare scores with friends on all Sporcle quizzes.
Join for Free
OR
Log In

You Might Also Like...

Show Comments

Extras

Top Quizzes Today


Score Distribution

Your Account Isn't Verified!

In order to create a playlist on Sporcle, you need to verify the email address you used during registration. Go to your Sporcle Settings to finish the process.

Report this User

Report this user for behavior that violates our Community Guidelines.

Details: